000 00435cam a2200181 4500
001 D8753
008 090401t1966 xxu||||| |||| 00| 0 eng d
035 _a(Sirsi) u14976
041 _aeng
050 _a692.5
100 _aSkoyles, E.R.
245 _aExamples from operational bills
260 _aGarston, Watford
_bBuilding Research Station
_c1966
300 _ac60p. 30cm
350 _a0.5
942 _n0
948 _c04/03/1997
999 _c87234
_d87234